000 00724nam a2200253 a 4500
001 30525
003 BD-RjUL
005 20211209051557.0
008 140410s1961 1950 enka b 001 0 eng d
035 _a(BD-RjUL)30611
040 _aBD-RjUL
_beng
_cBD-RjUL
041 _aeng
082 _a160
_bSTM 1961
100 1 _aStebbing, L. Susan
_q(Lizzie Susan),
_d1885-1943.
_991481
245 1 2 _aA modern introduction to logic /
_cby L.S. Stebbing
250 _a7th ed
260 _aLondon :
_bMethuen,
_c1950 [Reprinted 1961]
300 _axxi, 525 p. :
_bill. ;
_c23 cm
504 _aBibliography: p. 512-514
504 _aIncludes index
650 0 _aLogic
_992746
942 _2ddc
_cBK
_06
999 _c30525
_d30525